000 00492nmm a2200169Ia 4500
008 251105s9999||||xx |||||||||||||||||und||
020 _a9788470301575
041 _aspa
100 _aBascuñán, María Luisa
245 0 _aEl Sudor de las piedras :
_b Trueque-Trueque
264 _a[Madrid, España] :
_bBiblioteca Nueva,
_c1969
300 _a83 páginas
490 _aPoesía Actual
650 _aSpanish poetry
856 _uhttps://public.digitaliapublishing.com/a/5985
942 _cCF
999 _c84722
_d84722